000 01148cam a22002894a 4500
001 14284962
005 20161015135428.0
008 060303s2006 nyua b 001 0 eng
010 _a 2006007158
_z 2005216102
020 _a9781932594195 (pbk.)
020 _a1-932594-19-1 (pbk.)
040 _aDLC
_cDLC
_dDLC
042 _apcc
050 0 0 _aQP376
_b.D36 2006
082 0 0 _aDC 612.82
_22006
_bD19
245 0 4 _aThe Dana sourcebook of brain science :
_bresources for teachers and students /
_cDavid Balog, editor.
250 _aFourth Edition
260 _aWashington, D.C. :
_bDana Press,
_cc2006.
300 _a141 pages :
_billustrations ;
_c28 cm.
504 _aIncludes bibliographical references and index.
650 0 _aBrain.
700 _aBalog, David.
_916279
_eeditor
856 4 1 _3Table of contents only
_uhttp://www.loc.gov/catdir/toc/ecip069/2006007158.html
906 _a7
_bcbc
_corignew
_d1
_eecip
_f20
_gy-gencatlg
942 _2ddc
_cDC
999 _c5258
_d5258